Understanding Jade : a Laynman's guide

Bibliographic Details
Main Author: Lee Siow Mong
Format: Book
Published: Singapore : Times Books International , 1988
Subjects:

MARC

LEADER 00000cam a2200000 7i4500
001 0000029068
002 000031357
005 20000330.0
020 |a 9971654962 
090 0 0 |a 736.24   |b LEE 
100 0 |a Lee Siow Mong 
245 1 0 |a Understanding Jade :   |b a Laynman's guide   |c Lee Siow Mong 
260 |a Singapore :   |b Times Books International ,   |c 1988 
300 |a 100p. :   |b ill. ;   |c 24cm. 
650 0 0 |a Jade carving 
650 0 0 |a Precious stone industry 
999 |a 0013696   |b BUKU   |c PINJAMAN   |e PERPUSTAKAAN KOMUNITI PETALING JAYA